Basic Latin Unicode Symbols - Statistics

General Stats
  • This quiz has been taken 12 times
  • The average score is 63 of 128
Answer Stats
Block Answer % Correct
Basic Latin A
100%
Basic Latin a
100%
Basic Latin B
100%
Basic Latin b
100%
Basic Latin C
100%
Basic Latin c
100%
Basic Latin D
100%
Basic Latin d
100%
Basic Latin E
100%
Basic Latin e
100%
Basic Latin F
100%
Basic Latin G
100%
Basic Latin g
100%
Basic Latin H
100%
Basic Latin h
100%
Basic Latin i
100%
Basic Latin J
100%
Basic Latin j
100%
Basic Latin K
100%
Basic Latin k
100%
Basic Latin L
100%
Basic Latin l
100%
Basic Latin M
100%
Basic Latin m
100%
Basic Latin N
100%
Basic Latin n
100%
Basic Latin O
100%
Basic Latin o
100%
Basic Latin p
100%
Basic Latin Q
100%
Basic Latin q
100%
Basic Latin R
100%
Basic Latin r
100%
Basic Latin S
100%
Basic Latin s
100%
Basic Latin V
100%
Basic Latin v
100%
Basic Latin W
100%
Basic Latin w
100%
Basic Latin X
100%
Basic Latin x
100%
Basic Latin Y
100%
Basic Latin y
100%
Basic Latin Z
100%
Basic Latin z
100%
Basic Latin I
92%
Basic Latin P
92%
Basic Latin T
92%
Basic Latin t
92%
Basic Latin U
92%
Basic Latin u
92%
Basic Latin 0
83%
Basic Latin 1
83%
Basic Latin 2
83%
Basic Latin 3
83%
Basic Latin 4
83%
Basic Latin 5
83%
Basic Latin 6
83%
Basic Latin 7
83%
Basic Latin 8
83%
Basic Latin 9
83%
Basic Latin LF
17%
Basic Latin !
8%
Basic Latin
8%
Basic Latin #
8%
Basic Latin $
8%
Basic Latin %
8%
Basic Latin &
8%
Basic Latin
8%
Basic Latin (
8%
Basic Latin )
8%
Basic Latin *
8%
Basic Latin +
8%
Basic Latin ,
8%
Basic Latin -
8%
Basic Latin .
8%
Basic Latin /
8%
Basic Latin :
8%
Basic Latin ;
8%
Basic Latin =
8%
Basic Latin ?
8%
Basic Latin @
8%
Basic Latin [
8%
Basic Latin \
8%
Basic Latin ]
8%
Basic Latin ^
8%
Basic Latin _
8%
Basic Latin `
8%
Basic Latin {
8%
Basic Latin |
8%
Basic Latin }
8%
Basic Latin ~
8%
Basic Latin ACK
8%
Basic Latin BEL
8%
Basic Latin BS
8%
Basic Latin CR
8%
Basic Latin GS
8%
Basic Latin >
8%
Basic Latin HT
8%
Basic Latin <
8%
Basic Latin NUL
8%
Basic Latin SP
8%
Basic Latin CAN
0%
Basic Latin DC1
0%
Basic Latin DC2
0%
Basic Latin DC3
0%
Basic Latin DC4
0%
Basic Latin DEL
0%
Basic Latin DLE
0%
Basic Latin ENQ
0%
Basic Latin EOM
0%
Basic Latin EOT
0%
Basic Latin ESC
0%
Basic Latin ETB
0%
Basic Latin ETX
0%
Basic Latin FF
0%
Basic Latin FS
0%
Basic Latin NAK
0%
Basic Latin RS
0%
Basic Latin SI
0%
Basic Latin SO
0%
Basic Latin SOH
0%
Basic Latin STX
0%
Basic Latin SUB
0%
Basic Latin SYN
0%
Basic Latin US
0%
Basic Latin VT
0%
No matching quizzes found
Score Distribution
Percent of People with Each Score
Percentile by Number Answered
Your Score History
You have not taken this quiz